• 首页
  • 本馆介绍
  • 公告通知
  • 最新文献
  • 馆藏检索
  • 电子资源
  • 读者荐购
  • 参考咨询
  • CALIS
  • 我的图书馆
  • 登录
  • 详细信息显示
  • 放入我的书架
  • 预约/预借图书
  • 作者相关作品
  • 分类相关作品
  • 丛书相关作品
  • 出版社相关作品

书目信息

  • 表格格式
  • 工作单格式
  • 卡片格式
题名:
历史的轨迹
    
 
作者: 谢春涛 主编
分册:  
出版信息: 北京   新世界出版社  2012.04
页数: 311页
开本: 24cm
丛书名:
单 册:
中图分类: D23-49
科图分类:
主题词: 中国共产党
电子资源:
ISBN: 7-5104-2364-3
 
 
 
 
 
000 00637nam0 2200205 450
001 1740975864
005 20171108112502.75
010    @a7-5104-2364-3@dCNY40.00
100    @a20171108d2012 km y0chiy0120 ea
101 0  @achi
102    @aCN@b110000
200 1  @a历史的轨迹@Ali shi de gui ji@e中国共产党为什么能?@f谢春涛主编@Fxie chun tao zhu bian
210    @a北京@c新世界出版社@d2012.04
215    @a311页@d24cm
517 1  @a中国共产党为什么能?@Azhong guo gong chan dang wei shi mo neng?
606 0  @a中国共产党
690    @aD23-49@v4
701  0 @a谢春涛@Axie chun tao@4主编
801  0 @aCN@bMUSE@c20171108
905    @aMUSE@dD23-49@eX426
    
    历史的轨迹:中国共产党为什么能?/谢春涛主编.-北京:新世界出版社,2012.04
    311页;24cm
    
    
    ISBN 7-5104-2364-3:CNY40.00
    
●
相关链接 在E读中查询图书 在当当中查询图书 在豆瓣中查询图书


正题名:历史的轨迹     索取号:D23-49/X426         预约/预借

序号 登录号 条形码 馆藏地/架位号 状态 备注
1 1308442   213084428   市政与环境工程学院资料室/ [索取号:D23-49/X426] 在馆    
河南城建学院图书馆 欢迎您!
大连网信软件有限公司© 版权所有